000 00579nam a2200205Ia 4500
005 20250508162700.0
008 008 250505s9999 xx 000 0 eng d
020 _a81-7024-211-8
037 _aTextual
040 _aFEDL
_beng
_cFEDL
041 _aeng
_2eng
084 _a370.954, VEE
_qFEDL
100 _aD R Veena
_9773799
245 0 _aEducation system : Problems and prospects
260 _aNew Delhi, India
_bAshish Publishing House
_c1988
300 _avi,303p.
650 _aEducation
942 _cTEXL
_h370.954, VEE
999 _c1378029
_d1378029